Correctly Spelled US State Capitals - Sudden Death - Statistics

General Stats
  • This quiz has been taken 66 times
  • The average score is 11 of 25
Answers on the Grid
Answers color-coded by a green-red scale on the quiz's grid according to % correct below.
Allbany
Anapolis
Atlanta
Agusta
Austin
Baton Rouge
Bismark
Boise
Boston
Carson City
Charelston
Cheyanne
Colombia
Columbus
Concord
Denver
Des Moine
Dover
Frankfurt
Harrisburg
Hartfurd
Helena
Honolulu
Indianapolis
Jakson
Jeferson City
Junaeu
Lansing
Lincon
Little Rock
Madison
Montgumery
Montpielier
Nashvile
Oklahoma City
Olimpya
Pheonix
Pierre
Providence
Raliegh
Richmond
Sacremento
Salem
Salt Lake City
Santa Fe
Springfeild
St Paul
Tallahasee
Topecka
Trinton
 
Answer Stats
Answer % Correct
Atlanta
80%
Austin
70%
Boston
66%
Baton Rouge
61%
Boise
57%
Carson City
50%
Denver
50%
Columbus
48%
Dover
43%
Helena
43%
Indianapolis
43%
Honolulu
41%
Richmond
41%
Santa Fe
39%
Concord
36%
Salt Lake City
34%
Harrisburg
32%
Lansing
32%
Little Rock
32%
Oklahoma City
32%
Pierre
32%
Salem
32%
Madison
30%
Providence
30%
St Paul
25%
No matching quizzes found
Score Distribution
Percent of People with Each Score
Percentile by Number Answered
Your Score History
You have not taken this quiz